000 01295nam0a2200301 4500
001 RU\NLR\bibl\1232106
005 20250615114607.0
010 _a978-5-7749-0502-7
_92000
021 _aRU
_b2008-23664
_91302
035 _a(NLR Aleph) 001218367
090 _a122404
_c122404
100 _a20080526d2008 |||y0rusy50 ca
101 0 _arus
102 _aRU
105 _aa |||||||||
200 1 _aЛогистика
_e[учебное пособие]
_fС.В. Саркисов
_gАкад. нар. хоз-ва при Правительстве Рос. Федерации, Ин-т бизнеса и делового администрирования ИБДА
210 _aМосква
_cДело
_d2008
215 _a366 с.
_cил.
_d21
300 _aНа обороте тит.л. авт.: С.В. Саркисов, к.э.н., доц.
320 _aБиблиогр. в конце гл.
606 1 _aЛогистика в экономике
_jУчебные издания для высших учебных заведений
_92168149
_3RU\NLR\auth\661304395
686 _aУ40(0)в611я73
700 1 _aСаркисов
_bС. В.
_gСергей Васильевич
_4070
801 0 _aRU
_bNLR
_c20080526
_gRCR
801 1 _aRU
_bNLR
_c20080526
942 _cBOOK
980 _aNB